00614nai a2200169Ia 4500003000900000008004100009022002200050022002300072040001600095245002500111260008600136310001200222362002500234521006900259650002900328856008700357IN-BaIIA211028c9999 xx s 000 0 eng d a0018-9162 (Print) a1558-0814 (Online) cIIA Library 0aComputerh[eJournal] aNew York, USAbThe Institute of Electrical and Electronics Engineers, Inc. (IEEE) aMonthly a3(5); 1970 - Present bSubscribed through National Knowledge Resource Consortium (NKRC) aComputing and Processing uhttps://ieeexplore.ieee.org/servlet/opac?punumber=2yClick Here to Access eJournal